Death and Western thought = Muerte y pensamiento occidental /
Gespeichert in:
| 1. Verfasser: | |
|---|---|
| Format: | Unbekannt |
| Sprache: | English |
| Veröffentlicht: |
New York :
Collier Books,
1863.
|
| Ausgabe: | 1 edición |
| Schlagworte: | |
| Tags: |
Tag hinzufügen
Keine Tags, Fügen Sie den ersten Tag hinzu!
|
MARC
| LEADER | 000000000a22000000004500 | ||
|---|---|---|---|
| 001 | 013635 | ||
| 020 | |a 0020647107 | ||
| 041 | 0 | |a eng | |
| 082 | 0 | 4 | |a 128.5 |b C551d |
| 100 | 1 | |a Choron, Jacques | |
| 245 | 1 | 0 | |a Death and Western thought = |b Muerte y pensamiento occidental / |c Jacques Choron. |
| 246 | 3 | 1 | |a Muerte y pensamiento occidental |
| 250 | |a 1 edición | ||
| 260 | 1 | |a New York : |b Collier Books, |c 1863. | |
| 300 | |a 320 páginas ; |c 18 cm. | ||
| 650 | 4 | |a MUERTE | |
| 500 | |a Colección George Yúdice | ||
| 999 | |c 19552 |d 19552 | ||
| 942 | |c BK |h 128.5 C551d |2 z | ||



